R.K. Narayan's Swami And Friends As An Archetypal Novel/ (Record no. 191784)

MARC details
000 -LEADER
fixed length control field 00595nam a22001817a 4500
005 - DATE AND TIME OF LATEST TRANSACTION
control field 20220902155048.0
010 ## - LCCN (DPL NO)
LC control number ENG-134887
020 ## - INTERNATIONAL STANDARD BOOK NUMBER
International Standard Book Number 9789390082476
Terms of availability 200.00
035 ## - SYSTEM CONTROL NUMBER
System control number EN-118419
037 ## - SOURCE OF ACQUISITION
Source of stock number/acquisition DBAD/PUB
082 ## - DEWEY DECIMAL CLASSIFICATION NUMBER
Classification number N
100 ## - MAIN ENTRY--PERSONAL NAME
Personal name Senthilkumar, Joghee
245 ## - TITLE STATEMENT
Title R.K. Narayan's Swami And Friends As An Archetypal Novel/
Statement of responsibility, etc Joghee Senthilkumar
260 ## - PUBLICATION, DISTRIBUTION, ETC. (IMPRINT)
Place of publication, distribution, etc Tamil Nadu
Name of publisher, distributor, etc Shanlax Publications
Date of publication, distribution, etc 2020
270 ## - ADDRESS
Address 61, 66 T.P.K. Main Road, Vasantha Nagar
City Madurai
Postal code 625003
Telephone number 0452-4208765
Electronic mail address publisher@shanlaxpublications.com
300 ## - PHYSICAL DESCRIPTION
Extent 72p.
Dimensions 22cm(pbk)
942 ## - ADDED ENTRY ELEMENTS (KOHA)
Source of classification or shelving scheme Dewey Decimal Classification
Item type English Books
Classification part N
Call number suffix SEN
Holdings
Withdrawn status Lost status Not for loan Collection code Home library Current library Date acquired Source of acquisition Cost, normal purchase price Full call number Barcode Copy number Cost, replacement price Koha item type
      Fiction Ashok Vihar Ashok Vihar 02/09/2022 DBAD/PUB 200.00 N SEN EN-118419 1 200.00 English Books

© Delhi Public Library
Hit Counter
free hit counter